Arannyaar bhitarchara/ (Record no. 11522)

MARC details
000 -LEADER
fixed length control field 00487nam a22001817a 4500
005 - DATE AND TIME OF LATEST TRANSACTION
control field 20230404120049.0
008 - FIXED-LENGTH DATA ELEMENTS--GENERAL INFORMATION
fixed length control field 230404b ||||| |||| 00| 0 eng d
040 ## - CATALOGING SOURCE
Original cataloging agency IN-DiNC
Transcribing agency IN-DiNC
041 ## - LANGUAGE CODE
Language code of sung or spoken text Assamese
082 ## - DEWEY DECIMAL CLASSIFICATION NUMBER
Classification number 578.73
Item number RAJ
100 ## - MAIN ENTRY--PERSONAL NAME
Personal name Rajbanshi, Ghanashyam
Relator term Author
245 ## - TITLE STATEMENT
Title Arannyaar bhitarchara/
Statement of responsibility, etc. by Ghanashyam Rajbanshi
250 ## - EDITION STATEMENT
Edition statement 1st ed.
260 ## - PUBLICATION, DISTRIBUTION, ETC.
Place of publication, distribution, etc. Guwahati:
Name of publisher, distributor, etc. Assam book trust,
Date of publication, distribution, etc. 2017.
300 ## - PHYSICAL DESCRIPTION
Extent 164p.
650 ## - SUBJECT ADDED ENTRY--TOPICAL TERM
Topical term or geographic name entry element Experience of forest
942 ## - ADDED ENTRY ELEMENTS (KOHA)
Source of classification or shelving scheme Dewey Decimal Classification
Koha item type Books
Holdings
Withdrawn status Lost status Source of classification or shelving scheme Damaged status Not for loan Collection code Home library Current library Shelving location Date acquired Cost, normal purchase price Total Checkouts Full call number Barcode Date last seen Copy number Price effective from Koha item type
    Dewey Decimal Classification     General Collection Central Library, Naharkatiya College Central Library, Naharkatiya College General Stacks 04/04/2023 180.00   578.73 RAJ 25855 04/04/2023 1 04/04/2023 Books

Naharkatiya College © 2020. All rights reserved.

Powered By